00804namaa2200169 i 4500001000700000003000900007005001700016008004100033100004600074245009500120250001200215260005200227300002100279500006800300700004600368852022000414173977ES-MaACL20230906215416.0100204s1900 sp |||| | spa d1 aÁlvarez Quintero, Serafín,d1871-193813aLa vida íntima b: comedia en dos actos / cde Serafín y Joaquín Álvarez Quintero. a2ª ed. aMadrid : b[s.n.]., c1900 (fR. Velasco, imp.) a57 p. ; c18 cm. aEn port.: Estrenada en el teatro Lara el 15 de octubre de 1898.1 aÁlvarez Quintero, Joaquín,d1873-1944 aES-MaACLjF-8637(1) zEncuadernación pasta española z Encuadernación en un volumen facticio formando parte de la colección facticia "Teatro español moderno", volumen 92 zDedicatoria autógrafa del autor